Ortega: circunstancia y vocación

Saved in:
Bibliographic Details
Format: Book
Language:Spanish
Published: Madrid Alianza Editorial 1984
Edition:2a. ed
Series:Alianza Universidad, 373
Subjects:
Tags: Add Tag
No Tags, Be the first to tag this record!

MARC

LEADER 00000cam a2200000 a 4500
001 UCE8202
003 CL-VaPUC
005 20221118100347.0
008 150728e19840000sp |||||||||||||||||spa|d
999 |c 360141  |d 360139 
020 |a 8420629715 
040 |c Pontificia Universidad Católica de Valparaíso 
082 0 4 |a 196.1  |b MAR  |2 21 
245 1 0 |a Ortega: circunstancia y vocación 
250 |a 2a. ed 
260 |a Madrid  |b Alianza Editorial  |c 1984 
300 |a 460 p 
490 0 |a Alianza Universidad, 373 
583 |a last modification  |c 20150728 02:04:00  |k Rodrigo Vera 
600 |a Ortega y Gasset, José,  |d 1883-1955  |9 551380 
650 0 |a Naturaleza humana   |9 308593 
650 0 |a Biografías  |9 255210 
651 0 |a España  |9 254926 
942 |c BK  |2 ddc 
945 |d 20150728 02:04:00  |a gsalatino 
952 |0 0  |1 0  |3 erb  |4 0  |6 196_100000000000000_MAR_1984  |7 0  |8 A  |9 469785  |a BIBEDU  |b BIBEDU  |e Villagrán Garnham, Jorge  |i 5186749  |o 196.1 MAR 1984  |p 5186749  |r 2019-11-23  |w 2019-11-23  |y BK  |z Catalogado en:20150728  |k FIL